[Event "23rd Hoogeveen Open 2019"]
[Site "Hoogeveen"]
[Date "2019.10.22"]
[Round "5.14"]
[White "Adocchio, Giampiero"]
[Black "Moksh Amit Doshi"]
[Result "0-1"]
[WhiteElo "2184"]
[BlackElo "2328"]
[Annotator "TA"]
[PlyCount "102"]
[EventDate "2019.10.19"]
[EventType "swiss"]
[EventCountry "NED"]
[SourceTitle "playchess.com"]
[Source "ChessBase"]
[SourceQuality "1"]

{[%evp 11,102,26,44,0,7,0,0,0,1,-33,-40,-29,-18,-20,-15,-21,-9,-17,-11,-14,0,0,21,20,66,53,58,50,64,35,37,9,9,0,31,34,37,22,20,0,2,8,16,0,0,0,24,0,0,0,0,0,0,0,0,0,0,0,104,0,0,0,0,0,0,0,0,-155,-158,-153,-81,-545,-491,-400,-423,-1094,-912,-29982,-29983,-29983,-29981,-29984,-29982,-29979,-29980,-29984,-29985,-29985,-29986,-29986,-29986,-29983,-29984]} 1. d4 Nf6 2. Nf3 g6 3. g3 b6 4. Bg2 Bb7 5. O-O Bg7 6. c4 O-O 7. Nbd2 {A50: Queen's Fianchetto Defence (1 d4 Nf6 2 c4 b6)} (7. Re1 c5 8. d5 b5 9. e4 bxc4 10. Nfd2 d6 11. Nxc4 Nbd7 12. Bd2 Ba6 13. Nba3 Nb6 14. b3 Nfd7 {1-0 (53) Oparin,G (2654)-Ipatov,A (2637) Columbia 2019}) 7... c5 8. d5 e6 9. e4 {The position is equal.} d6 $146 ({Predecessor:} 9... exd5 10. exd5 b5 11. Ng5 Qb6 12. a4 bxc4 13. Nxc4 Qa6 14. Na3 h6 {½-½ (52) Santiago Vilca,C (2269)-Jimenez Garcia,E (2218) Guatape 2016}) 10. e5 dxe5 11. dxe6 $1 fxe6 12. Nxe5 Bxg2 13. Kxg2 Nbd7 14. Nxd7 Qxd7 15. Qe2 {[#]} e5 $1 {[%mdl 512]} 16. Ne4 (16. Qxe5 Rae8) 16... Qc6 17. f3 Rad8 18. Bg5 Rd4 {[%cal Rf6e4]} 19. Bxf6 Bxf6 20. Rad1 Bg7 21. Rd2 Bh6 $36 {[%mdl 2048] Black fights for an advantage.} 22. Rxd4 cxd4 23. b3 a6 24. h4 b5 25. h5 bxc4 26. bxc4 Rb8 27. hxg6 hxg6 28. c5 Be3 29. Qc4+ Kg7 30. Re1 g5 31. Nd6 {Threatening mate with Qf7+.} Rb2+ 32. Re2 Rxe2+ 33. Qxe2 {And now Qc4 would win.} Qxc5 34. Nf5+ Kh7 (34... Kf8 $11 {remains equal.}) 35. Nxe3 (35. Qd3 $1 $16 Kg8 36. Qb3+ Kf8 37. Qe6) 35... dxe3 $16 {[%mdl 4096] Endgame KQ-KQ} 36. Qd3+ Kg7 37. Qd7+ Kf6 {Hoping for ...Qc2+.} 38. Qd8+ Ke6 {Strongly threatening ...Qc2+.} 39. Qg8+ $2 (39. Qd3 $11) 39... Kd6 $1 $17 40. Qd8+ {[#]} Kc6 $1 41. Qe8+ $2 {[%mdl 8192]} (41. Qd3 $17) 41... Kd5 $19 42. Qd7+ {[#]} Kc4 $1 {...Qd4 is the strong threat.} 43. Qa4+ (43. Qd1 $142 Qa3 44. Qc2+ Qc3 45. Qe4+ Kc5 46. Kh3) 43... Kc3 44. Qxa6 Kd2 {Black mates.} 45. Kf1 Qc1+ 46. Kg2 e2 47. Qd6+ Kc2 48. Qc5+ Kd1 49. Qd5+ Qd2 50. Qb3+ Kc1 51. Qc4+ Qc2 {Accuracy: White = 39%, Black = 71%.} 0-1

[Event "23rd Hoogeveen Open 2019"]
[Site "Hoogeveen"]
[Date "2019.10.22"]
[Round "5.15"]
[White "Okkes, Menno"]
[Black "Van Dorp, Folke"]
[Result "1-0"]
[WhiteElo "2326"]
[BlackElo "2086"]
[Annotator "RC"]
[PlyCount "83"]
[EventDate "2019.10.19"]
[EventType "swiss"]
[EventCountry "NED"]
[SourceTitle "playchess.com"]
[Source "ChessBase"]
[SourceQuality "1"]
[TimeControl "40/5400+30:1800+30"]

1. Nf3 {[%emt 0:00:00]} Nf6 {[%emt 0:00:00]} 2. c4 {[%emt 0:00:00]} g6 {[%emt 0:00:05]} 3. Nc3 {[%emt 0:00:00]} Bg7 {[%emt 0:00:05]} 4. e4 {[%emt 0:00:02]} d6 {[%emt 0:00:03]} 5. d4 {[%emt 0:00:04]} O-O {[%emt 0:00:04]} 6. Be2 {[%emt 0:00:03]} e5 {[%emt 0:00:23]} 7. O-O {[%emt 0:00:08]} Nc6 {[%emt 0:00:04]} 8. d5 {[%emt 0:00:05]} Ne7 {[%emt 0:00:05]} 9. Ne1 {[%emt 0:00:09]} Nd7 {[%emt 0:00:08]} 10. Nd3 {[%emt 0:00:08]} f5 {[%emt 0:00:17]} 11. f3 {[%emt 0:00:05]} f4 {[%emt 0:06:16]} 12. Bd2 {[%emt 0:00:09]} g5 {[%emt 0:00:26]} 13. Rc1 {[%emt 0:00:06]} Nf6 {[%emt 0:01:03]} 14. c5 {[%emt 0:00:17]} Ng6 {[%emt 0:00:16]} 15. Nb5 {[%emt 0:00:31]} Rf7 {[%emt 0:00:29]} 16. Ba5 {[%emt 0:00:32]} b6 {[%emt 0:07:00]} 17. cxd6 {[%emt 0:00:14]} cxd6 {[%emt 0:00:30]} 18. Be1 {[%emt 0:00:12]} h5 {[%emt 0:01:28]} 19. Qc2 {[%emt 0:19:02]} Ne8 {[%emt 0:06:53]} 20. Nb4 {[%emt 0:11:14]} g4 {[%emt 0:02:27]} 21. Nc6 {[%emt 0:01:21]} Qg5 {[%emt 0:02:11]} 22. Ncxa7 {[%emt 0:05:52]} gxf3 {[%emt 0:00:46]} 23. Bxf3 {[%emt 0:01:04]} Bd7 {[%emt 0:08:52]} 24. Nc6 {[%emt 0:02:36]} Bf8 {[%emt 0:01:35]} 25. Qf2 {[%emt 0:02:09]} Rxa2 {[%emt 0:08:09]} 26. Na3 {[%emt 0:04:11]} Rg7 {[%emt 0:06:14]} 27. Qxb6 {[%emt 0:07:22]} Nf6 {[%emt 0:03:35]} 28. Qb3 {[%emt 0:01:26]} Rxa3 {[%emt 0:02:44]} 29. bxa3 {[%emt 0:00:08]} Ng4 {[%emt 0:03:17]} 30. Nb8 {[%emt 0:19:47]} Nh4 {[%emt 0:08:14]} 31. Nxd7 {[%emt 0:01:11]} Nxg2 {[%emt 0:01:41]} 32. Nxf8 {[%emt 0:11:29]} Nxe1 {[%emt 0:02:24]} 33. Ne6 {[%emt 0:00:24]} Qh4 {[%emt 0:00:12]} 34. Qb8+ {[%emt 0:02:52]} Kh7 {[%emt 0:01:03]} 35. Nf8+ {[%emt 0:00:06]} Kh6 {[%emt 0:00:41]} 36. Qxd6+ {[%emt 0:00:07]} Nf6+ {[%emt 0:00:56]} 37. Kh1 {[%emt 0:00:38]} Nxf3 {[%emt 0:04:41]} 38. Rxf3 {[%emt 0:00:11]} Qg5 {[%emt 0:00:17]} 39. Rf2 {[%emt 0:01:00]} f3 {[%emt 0:00:26]} 40. Rcf1 {[%emt 0:01:39]} Rg6 {[%emt 0:00:09]} 41. Nxg6 {[%emt 0:31:31]} Nxe4 {[%emt 0:30:35]} 42. Qf8+ {[%emt 0:01:40]} 1-0

[Event "23rd Hoogeveen Open 2019"]
[Site "Hoogeveen"]
[Date "2019.10.22"]
[Round "5.16"]
[White "Takawira, Erick"]
[Black "Elgersma, Onno"]
[Result "0-1"]
[WhiteElo "2101"]
[BlackElo "2306"]
[Annotator "TA"]
[PlyCount "92"]
[EventDate "2019.10.19"]
[EventType "swiss"]
[EventCountry "NED"]
[SourceTitle "playchess.com"]
[Source "ChessBase"]
[SourceQuality "1"]

{[%evp 9,92,25,44,39,44,37,44,41,49,39,41,33,42,43,43,24,44,36,51,60,54,43,37,39,58,45,44,50,66,12,17,0,21,-6,62,0,2,0,0,0,49,46,50,27,20,18,35,35,70,-107,-92,-97,-107,-205,-204,-192,-196,-209,-215,-247,-247,-247,-246,-239,-231,-277,-199,-395,-398,-527,-527,-501,-460,-440,-408,-541,-539,-532,-537,-449,-433,-1026,-998,-29989,-29990]} 1. e4 e6 2. d4 d5 3. Nd2 c5 4. Ngf3 Nc6 5. exd5 Qxd5 6. Bc4 {C07: French Tarrasch: 3...c5, 4 Ngf3 and 4 exd5 Qxd5} Qd7 7. dxc5 Bxc5 8. O-O {White is slightly better.} Nf6 9. Qe2 Qc7 10. Ne4 Be7 11. c3 (11. Rd1 h6 12. Nxf6+ Bxf6 13. Qe4 Ne5 14. Bb5+ Bd7 15. Nxe5 Bxb5 16. Bf4 Bc6 {½-½ (73) Naiditsch,A (2689)-Hou,Y (2588) Khanty-Mansiysk 2009}) 11... a6 12. a4 $146 ({Predecessor:} 12. Bg5 Nxe4 13. Qxe4 Bxg5 14. Nxg5 {½-½ (21) Roos,D (2250)-Keller,D Bern 1979}) 12... b6 13. Re1 Bb7 {...Nxe4 is the strong threat.} 14. Neg5 {Black must now prevent Nxf7!} O-O 15. Bxe6 fxe6 16. Nxe6 Qc8 {aiming for ...Re8.} 17. Nxf8 Bxf8 18. Qc4+ Kh8 19. Ng5 (19. Bg5 $14) 19... Nd8 $11 20. Qh4 Qf5 21. Be3 Qg6 (21... h6 $11) 22. f3 ({Better is} 22. Bxb6 $14 Nc6 23. Nf3) 22... Nd5 $40 {[%mdl 128] Black has some attack.} 23. Bd2 h6 24. Qe4 Ne7 25. Qxg6 Nxg6 26. Ne6 Nxe6 27. Rxe6 {[%mdl 64] [#] Double Attack} Bc5+ 28. Kh1 Rd8 29. Rxg6 $2 (29. b4 $1 $14 {stays ahead.} Bf2 30. Bxh6) 29... Rxd2 $17 30. b4 Bf2 31. Rc1 (31. Re6 $17) 31... b5 $19 32. axb5 axb5 33. h3 Kh7 {[%mdl 1024] Black has strong compensation.} 34. Re6 Bd5 35. Rd6 Bg3 36. Rd7 h5 37. h4 Bxh4 38. Kh2 $2 (38. c4 {was the only chance.} bxc4 39. Rxc4) 38... Bg5 39. Re1 Bf4+ 40. Kg1 Bg3 41. Rc1 Kh6 42. Ra1 g6 43. Rd8 Kg5 44. Rc1 h4 45. Rd7 {[#]} (45. Rh8 $142) 45... h3 $1 {[%mdl 512]} 46. gxh3 Bh2+ {Accuracy: White = 33%, Black = 74%.} 0-1

[Event "23rd Hoogeveen Open 2019"]
[Site "Hoogeveen"]
[Date "2019.10.22"]
[Round "5.17"]
[White "Romanishin, Oleg M"]
[Black "Elgersma, Simon"]
[Result "1-0"]
[WhiteElo "2441"]
[BlackElo "2111"]
[Annotator "TA"]
[PlyCount "65"]
[EventDate "2019.10.19"]
[EventType "swiss"]
[EventCountry "NED"]
[SourceTitle "playchess.com"]
[Source "ChessBase"]
[SourceQuality "1"]

{[%evp 19,65,16,28,18,14,0,0,0,0,-4,0,-29,-31,-27,-14,-29,-10,-44,0,0,6,0,3,0,25,16,29,17,58,31,422,422,422,422,422,422,420,416,407,396,549,547,541,540,532,522,5414,5381]} 1. Nf3 Nf6 2. g3 e6 3. Bg2 d5 4. O-O Be7 5. c4 O-O 6. d4 dxc4 7. Qc2 a6 8. a4 c5 9. dxc5 Bxc5 10. Qxc4 Nbd7 11. Qc2 {E05: Open Catalan: 5 Nf3 Be7} (11. Nc3 b5 12. Qh4 Bb7 13. axb5 axb5 14. Rxa8 Qxa8 15. Nxb5 Ne5 16. Nxe5 Bxg2 17. Rd1 Bh1 18. Qh3 Qb8 19. Kxh1 Qxe5 {½-½ (19) Gledura,B (2621)-Bruzon Batista,L (2653) Saint Louis 2018}) 11... Ra7 $146 ({Predecessor:} 11... Qe7 12. Nc3 h6 13. Nd2 e5 14. Nc4 Nb6 15. Ne3 Be6 16. a5 Bxe3 17. Bxe3 Nbd5 18. Nxd5 Bxd5 {½-½ (52) Meduna,E (2405)-Drvota,A Decin 1979}) 12. Nc3 b6 13. Bf4 {The position is equal.} Bb7 14. Rad1 Qa8 15. Bd6 Rc8 16. Bxc5 Nxc5 17. Rd6 Nce4 18. Rxb6 Nxc3 19. bxc3 Be4 20. Qb2 Rac7 21. Rc1 Bd5 22. a5 Nd7 23. Rb4 Rc5 24. c4 {[%mdl 64] Deflection} Bxc4 $2 {[%mdl 8192] [#]} (24... h6 $14) 25. Rbxc4 $1 $18 {[%mdl 512]} Rxc4 26. Rxc4 Rxc4 27. Ne5 {[%mdl 64] Discovered Attack} Qc8 28. Nxc4 Qxc4 {[#]} 29. Qb7 $1 {[%cal Rb7d7]} Qb5 30. Qxb5 {White is clearly winning.} axb5 31. Bc6 {[%mdl 64] Double Attack} Nc5 {intending ...b4.} 32. Bxb5 Nb7 33. a6 {Accuracy: White = 90%, Black = 23%.} 1-0

[Event "23rd Hoogeveen Open 2019"]
[Site "Hoogeveen"]
[Date "2019.10.22"]
[Round "5.18"]
[White "Grooten, Herman"]
[Black "Stock, Andreas"]
[Result "1-0"]
[WhiteElo "2274"]
[BlackElo "2076"]
[Annotator "RC"]
[PlyCount "99"]
[EventDate "2019.10.19"]
[EventType "swiss"]
[EventCountry "NED"]
[SourceTitle "playchess.com"]
[Source "ChessBase"]
[SourceQuality "1"]
[TimeControl "40/5400+30:1800+30"]

1. d4 {[%emt 0:02:32]} Nf6 {[%emt 0:00:00]} 2. c4 {[%emt 0:00:07]} c5 {[%emt 0:00:00]} 3. d5 {[%emt 0:00:08]} b5 {[%emt 0:00:00]} 4. Nf3 {[%emt 0:00:23]} g6 {[%emt 0:04:09]} 5. cxb5 {[%emt 0:00:24]} a6 {[%emt 0:02:45]} 6. b6 {[%emt 0:00:30]} d6 {[%emt 0:00:49]} 7. Nc3 {[%emt 0:00:10]} Bg7 {[%emt 0:02:12]} 8. e4 {[%emt 0:00:29]} O-O {[%emt 0:05:57]} 9. h3 {[%emt 0:01:32]} Nbd7 10. Bf4 {[%emt 0:05:12]} Qxb6 {[%emt 0:04:17]} 11. Rb1 {[%emt 0:02:32]} a5 {[%emt 0:13:10]} 12. Bc4 {[%emt 0:12:47]} Ba6 {[%emt 0:07:04]} 13. b3 {[%emt 0:06:04]} Ne8 {[%emt 0:10:09]} 14. Bd2 {[%emt 0:07:47]} Nc7 {[%emt 0:05:59]} 15. a4 {[%emt 0:02:43]} Rfb8 {[%emt 0:06:24]} 16. O-O {[%emt 0:01:55]} Qa7 {[%emt 0:02:46]} 17. Qc2 {[%emt 0:01:00]} Nb6 {[%emt 0:07:34]} 18. Ne2 {[%emt 0:04:13]} Bxc4 {[%emt 0:06:41]} 19. bxc4 {[%emt 0:00:07]} Qa6 {[%emt 0:01:08]} 20. Rfc1 {[%emt 0:02:52]} Nd7 {[%emt 0:03:53]} 21. h4 {[%emt 0:05:47]} Rxb1 {[%emt 0:02:16]} 22. Rxb1 {[%emt 0:00:07]} Nb6 {[%emt 0:00:15]} 23. Rc1 {[%emt 0:02:23]} Nd7 {[%emt 0:00:27]} 24. Qd3 {[%emt 0:04:42]} Rb8 {[%emt 0:00:32]} 25. Bc3 {[%emt 0:03:22]} Bxc3 {[%emt 0:04:03]} 26. Nxc3 {[%emt 0:00:34]} Rb4 {[%emt 0:00:26]} 27. Nb5 {[%emt 0:07:39]} Nxb5 {[%emt 0:00:23]} 28. cxb5 {[%emt 0:02:37]} Qc8 {[%emt 0:01:45]} 29. Nd4 {[%emt 0:04:51]} Ne5 {[%emt 0:02:59]} 30. Qd1 {[%emt 0:00:20]} Kg7 {[%emt 0:02:06]} 31. f3 {[%emt 0:01:57]} h5 {[%emt 0:01:35]} 32. Nc6 {[%emt 0:01:09]} Nxc6 {[%emt 0:00:56]} 33. dxc6 {[%emt 0:00:08]} Qc7 {[%emt 0:00:32]} 34. Qc2 {[%emt 0:02:56]} Qb6 {[%emt 0:00:26]} 35. Rd1 {[%emt 0:00:54]} f6 {[%emt 0:00:39]} 36. Kh2 {[%emt 0:01:06]} Qc7 {[%emt 0:00:35]} 37. Rd5 {[%emt 0:01:08]} Qc8 {[%emt 0:00:19]} 38. g3 {[%emt 0:01:30]} Qe6 {[%emt 0:00:29]} 39. Rd2 {[%emt 0:00:33]} Qc8 {[%emt 0:01:01]} 40. Rg2 {[%emt 0:00:39]} Qe6 {[%emt 0:00:19]} 41. Qa2 {[%emt 0:32:45]} Qc8 {[%emt 0:32:56]} 42. g4 {[%emt 0:00:38]} hxg4 {[%emt 0:00:19]} 43. Rxg4 {[%emt 0:00:16]} f5 {[%emt 0:00:00]} 44. Rg5 {[%emt 0:00:00]} fxe4 {[%emt 0:00:00]} 45. h5 {[%emt 0:00:00]} c4 {[%emt 0:00:00]} 46. Rxg6+ {[%emt 0:00:00]} Kh7 {[%emt 0:00:00]} 47. Qd2 {[%emt 0:00:00]} Qf8 {[%emt 0:00:00]} 48. Qh6+ {[%emt 0:00:00]} Qxh6 {[%emt 0:00:00]} 49. Rxh6+ {[%emt 0:00:00]} Kxh6 {[%emt 0:00:00]} 50. c7 {[%emt 0:00:00]} 1-0

[Event "23rd Hoogeveen Open 2019"]
[Site "Hoogeveen"]
[Date "2019.10.22"]
[Round "5.19"]
[White "Advait, Bagri"]
[Black "Barthel, Ansgar"]
[Result "0-1"]
[WhiteElo "2231"]
[BlackElo "2037"]
[Annotator "RC"]
[PlyCount "114"]
[EventDate "2019.10.19"]
[EventType "swiss"]
[EventCountry "NED"]
[SourceTitle "playchess.com"]
[Source "ChessBase"]
[SourceQuality "1"]
[TimeControl "40/5400+30:1800+30"]

1. e4 {[%emt 0:07:40]} d6 {[%emt 0:00:00]} 2. d4 {[%emt 0:00:17]} Nf6 {[%emt 0:00:00]} 3. Nc3 {[%emt 0:00:08]} e5 {[%emt 0:00:00]} 4. Nf3 {[%emt 0:00:54]} Nbd7 {[%emt 0:00:00]} 5. Bc4 {[%emt 0:02:48]} Be7 {[%emt 0:00:00]} 6. O-O {[%emt 0:00:20]} O-O {[%emt 0:00:05]} 7. a4 {[%emt 0:01:33]} c6 {[%emt 0:00:28]} 8. a5 {[%emt 0:07:06]} Qc7 {[%emt 0:03:50]} 9. Re1 h6 {[%emt 0:09:10]} 10. h3 {[%emt 0:06:02]} Re8 {[%emt 0:01:15]} 11. d5 {[%emt 0:16:40]} cxd5 {[%emt 0:10:19]} 12. Bxd5 {[%emt 0:00:17]} Nxd5 {[%emt 0:04:54]} 13. Nxd5 {[%emt 0:00:17]} Qd8 {[%emt 0:00:08]} 14. c4 {[%emt 0:08:07]} Nf6 {[%emt 0:00:57]} 15. Nxf6+ {[%emt 0:04:09]} Bxf6 {[%emt 0:00:06]} 16. b3 {[%emt 0:00:36]} Be6 {[%emt 0:01:11]} 17. Bd2 {[%emt 0:02:52]} Qc7 {[%emt 0:01:48]} 18. Bb4 {[%emt 0:02:43]} Be7 {[%emt 0:01:10]} 19. Nd2 {[%emt 0:00:37]} Red8 {[%emt 0:08:53]} 20. Nb1 {[%emt 0:02:15]} Qc6 {[%emt 0:03:39]} 21. Nc3 {[%emt 0:00:55]} Bf8 {[%emt 0:00:30]} 22. Qe2 {[%emt 0:04:21]} Rd7 {[%emt 0:03:46]} 23. Rad1 {[%emt 0:00:43]} Rad8 {[%emt 0:00:53]} 24. Nb5 {[%emt 0:03:17]} a6 {[%emt 0:01:55]} 25. Nc3 {[%emt 0:01:48]} f5 {[%emt 0:01:18]} 26. exf5 {[%emt 0:04:41]} Bxf5 {[%emt 0:00:07]} 27. Nd5 {[%emt 0:00:16]} Rf7 {[%emt 0:03:41]} 28. f4 {[%emt 0:04:21]} exf4 {[%emt 0:01:39]} 29. Nxf4 {[%emt 0:00:24]} Re7 {[%emt 0:11:11]} 30. Qd2 {[%emt 0:01:36]} Rxe1+ {[%emt 0:01:34]} 31. Rxe1 {[%emt 0:00:09]} b6 {[%emt 0:24:06]} 32. Qd5+ {[%emt 0:05:39]} Qxd5 {[%emt 0:00:07]} 33. Nxd5 {[%emt 0:00:06]} bxa5 {[%emt 0:00:23]} 34. Bxa5 {[%emt 0:00:09]} Rb8 {[%emt 0:01:31]} 35. Re3 {[%emt 0:01:21]} Bc2 {[%emt 0:03:12]} 36. b4 {[%emt 0:00:21]} Rc8 {[%emt 0:00:52]} 37. Nb6 {[%emt 0:03:06]} Rb8 {[%emt 0:01:47]} 38. Nd5 {[%emt 0:04:08]} Rc8 {[%emt 0:00:19]} 39. Nc7 {[%emt 0:00:43]} d5 {[%emt 0:01:37]} 40. Rc3 {[%emt 0:02:15]} Be4 {[%emt 0:00:22]} 41. c5 {[%emt 0:30:32]} Be7 {[%emt 0:02:27]} 42. Nxa6 {[%emt 0:00:00]} Bf6 {[%emt 0:00:27]} 43. Rc1 {[%emt 0:00:00]} Bd4+ {[%emt 0:01:09]} 44. Kh1 {[%emt 0:00:00]} Rf8 {[%emt 0:19:53]} 45. b5 {[%emt 0:00:00]} Rf2 {[%emt 0:02:15]} 46. Rg1 {[%emt 0:00:00]} Rb2 {[%emt 0:03:47]} 47. b6 {[%emt 0:04:34]} Bxg1 {[%emt 0:01:26]} 48. Kxg1 {[%emt 0:00:07]} d4 {[%emt 0:00:15]} 49. Nb8 {[%emt 0:00:49]} Rb5 {[%emt 0:00:58]} 50. c6 {[%emt 0:00:54]} Rxa5 {[%emt 0:01:52]} 51. b7 {[%emt 0:00:06]} Rb5 {[%emt 0:00:08]} 52. Nd7 {[%emt 0:01:22]} Bxc6 {[%emt 0:00:39]} 53. b8=Q+ {[%emt 0:00:11]} Rxb8 {[%emt 0:00:07]} 54. Nxb8 {[%emt 0:00:04]} Bb5 {[%emt 0:00:32]} 55. Kf2 {[%emt 0:00:20]} Kf8 {[%emt 0:00:07]} 56. Kf3 {[%emt 0:00:04]} Ke8 {[%emt 0:00:25]} 57. Ke4 {[%emt 0:00:05]} d3 {[%emt 0:00:13]} 0-1

[Event "23rd Hoogeveen Open 2019"]
[Site "Hoogeveen"]
[Date "2019.10.22"]
[Round "5.20"]
[White "De Winter, Arthur"]
[Black "Hilwerda, Jonas"]
[Result "0-1"]
[WhiteElo "1896"]
[BlackElo "2229"]
[Annotator "TA"]
[PlyCount "182"]
[EventDate "2019.10.19"]
[EventType "swiss"]
[EventCountry "NED"]
[SourceTitle "playchess.com"]
[Source "ChessBase"]
[SourceQuality "1"]

{[%evp 13,181,21,29,30,32,21,58,59,68,41,69,11,58,38,29,24,94,92,113,103,110,112,177,98,95,37,32,40,53,32,44,43,79,8,11,4,8,26,10,-33,30,-16,54,57,69,47,52,60,75,49,82,73,81,37,41,12,40,34,42,0,37,14,37,10,39,42,70,60,56,-6,54,0,41,34,34,0,0,0,0,0,0,0,0,0,28,0,0,0,0,0,0,0,0,0,0,0,0,0,0,0,0,-20,0,0,0,-29,-29,-30,0,-142,-89,-132,-38,-115,-76,-71,0,-112,0,-54,-52,-56,-16,-30,0,-77,-25,-262,-313,-347,-383,-366,0,-254,0,-360,-270,-350,-346,-346,-285,-6191,-6319,-12793,-7100,-29982,-29982,-29985,-29986,-29987,-29985,-29987,-29988,-29988,-29989,-29989,-29987,-29987,0,-29989,-29989,-29994,-29995,-29996,-29997,-29997,-29998,-29998,-29999,-29999]} 1. e4 e5 2. Nf3 Nc6 3. Bb5 a6 4. Ba4 d6 5. c3 Bd7 6. O-O g6 7. d3 Bg7 8. Re1 {C72: Ruy Lopez: Deferred Steinitz: 5 0-0} Nge7 9. Nbd2 {[%cal Bb1d2,Bd2c4,Bc4e3,Be3d5][%mdl 32]} f6 $146 ({Predecessor:} 9... O-O 10. h3 Kh8 11. Bb3 h6 12. Nf1 f5 13. a4 Qe8 14. Ne3 {1-0 (54) Aulia,M (2375)-Sokolov,I (2595) Yogyakarta 2019}) 10. Bb3 {White is slightly better.} g5 11. d4 Ng6 {aiming for ...g4.} 12. dxe5 (12. h3 $14) 12... dxe5 (12... fxe5 $5 {[%cal Rg5g4]} 13. Nf1 h6 $11) 13. Nc4 Qe7 14. Ne3 Nf4 (14... O-O-O $11) 15. Nd5 $16 Nxd5 16. exd5 ({Don't play} 16. Qxd5 $6 O-O-O $11) 16... Nd8 {[#]} 17. Nd4 $1 {[%mdl 512]} Qd6 (17... h5 $16 {was worth a try.}) (17... exd4 18. Rxe7+) 18. Qh5+ (18. Be3 $18) 18... Kf8 19. Ne6+ ({Better is} 19. Ne2 $16) 19... Nxe6 $14 20. dxe6 Bxe6 21. Be3 Bxb3 22. axb3 b6 23. Qf3 (23. c4 $16) 23... Ke7 $11 24. Red1 Qe6 25. Qb7 Rhc8 26. c4 Rab8 (26... Kf7 $15) 27. Qxa6 Qc6 (27... Kf7 $11) 28. c5 $14 Ra8 29. Qc4 Rxa1 30. Rxa1 b5 31. Qc2 h6 32. Qg6 Kf8 33. Rd1 Qe8 34. Qd3 Ke7 35. Qh7 Kf7 36. Qd3 Ke7 37. Ra1 Rd8 38. Qh7 Kf7 39. h3 Qc6 40. Qf5 Qe6 41. Qc2 (41. g4 $1 $14) 41... Qc6 (41... e4 $11) 42. Ra7 (42. Qh7 $14) 42... Ra8 (42... e4 {is interesting.} 43. g4 Kg6 44. b4 f5 45. gxf5+ Kxf5 46. Qe2 Kg6) 43. Rxa8 Qxa8 44. c6 (44. Qd3 $5 {[%cal Rd3d7]} c6 45. g4 $11) 44... Qd8 45. Qc5 Qd1+ 46. Kh2 Bf8 47. Qxb5 Bd6 48. Qc4+ Ke7 49. Bc5 Qd2 50. Bxd6+ Kxd6 $11 {[%mdl 4096] Endgame KQ-KQ} 51. Qf7 $1 {[%cal Rf7d7]} Qf4+ 52. Kg1 Qc1+ 53. Kh2 Qf4+ 54. Kg1 Kxc6 55. Qe6+ Kb7 56. Qd5+ Kb6 57. b4 Qc1+ 58. Kh2 Qf4+ 59. Kg1 Qxb4 60. Qe6+ Kb5 {White must now prevent ...Qe1+.} (60... Qd6 {with more complications.} 61. Qb3+ Ka5 62. g3 e4 63. Qc3+ Kb5) 61. Qxf6 (61. Qd7+ $11 Kb6 62. Qe6+ Qd6 63. Qb3+ Kc5 64. g4) 61... Qxb2 $17 {...Qc1+ is the strong threat.} 62. Qxh6 Qc1+ 63. Kh2 Qf4+ 64. Kg1 Qc1+ 65. Kh2 Qf4+ (65... c5 $17 66. Qg7 Qf4+ 67. Kg1 c4 68. Qb7+ Ka5) 66. Kg1 $15 c5 $1 67. Qh7 Qc1+ 68. Kh2 Qf4+ 69. Kg1 c4 ({Black should play} 69... Qd4 $17) 70. Qb7+ $2 {[#]} (70. Qb1+ $1 $11 Kc6 71. Qc2) 70... Ka4 $1 $19 71. Qa6+ Kb4 72. Qb6+ Ka4 73. Qa6+ $1 {[#]} Kb4 (73... Kb3 $142 $1 74. Qb5+ Kc2 75. Qa4+ Kd3) 74. Qb6+ Kc3 75. Qa5+ Kd3 76. g3 Qd4 {Strongly threatening ...c3.} 77. Qa6 $2 (77. Qa4 Kd2 78. Qa2+ Kc1 79. Qa3+ Qb2 80. Qe7) 77... Ke2 78. Qa2+ Kf3 79. Qa3+ c3 80. Qf8+ Ke2 81. Qf5 e4 82. Qg4+ Ke1 83. Qxg5 Qxf2+ 84. Kh1 Qf1+ 85. Kh2 Qf2+ 86. Kh1 Qf3+ {Black mates.} 87. Kh2 Kf2 {[%csl Gf2][%cal Rf3g2]} 88. Qc5+ e3 89. Qxe3+ Qxe3 90. g4 Qg3+ 91. Kh1 Qg2# {Accuracy: White = 41%, Black = 46%.} 0-1

[Event "23rd Hoogeveen Open 2019"]
[Site "Hoogeveen"]
[Date "2019.10.22"]
[Round "5.21"]
[White "Emans, Job"]
[Black "Mueer, Sebastian"]
[Result "0-1"]
[WhiteElo "2028"]
[BlackElo "2194"]
[Annotator "TA"]
[PlyCount "58"]
[EventDate "2019.10.19"]
[EventType "swiss"]
[EventCountry "NED"]
[SourceTitle "playchess.com"]
[Source "ChessBase"]
[SourceQuality "1"]

{[%evp 19,58,13,29,27,19,-102,12,0,0,0,0,0,0,-26,0,0,0,-6,13,1,0,3,29,39,56,44,40,44,153,82,137,26,15,0,0,-107,-58,-337,-331,-1970,-1987]} 1. d4 Nf6 2. c4 g6 3. Nc3 Bg7 4. e4 d6 5. Nf3 O-O 6. Be2 e5 7. O-O Na6 8. d5 Nc5 9. Qc2 a5 10. Ne1 Qe7 11. Be3 {E94: King's Indian: Classical: 6 Be2 e5 7 0-0: Various Black 7th moves} (11. b3 Ne8 12. Be3 f5 13. f3 f4 14. Bf2 g5 15. a3 h5 16. Qd1 Rf6 17. b4 Na6 18. c5 Rg6 {0-1 (53) Unuk,L (2272)-Bluhm,S (2281) Germany 2018}) 11... b6 12. b3 {[#]} (12. Bg5 $11) 12... Ng4 $146 (12... Nfxe4 $1 $17 {[%mdl 512]} 13. Nxe4 Nxe4) ({Predecessor:} 12... Nfxe4 13. Nb5 f5 14. f4 exf4 15. Bd4 Bxd4+ 16. Nxd4 Ng5 17. Rd1 Re8 18. Nef3 Bd7 {1-0 (38) Skutta,B (2096)-Zilch,L (1809) Bad Zwesten 2000}) 13. Bxg4 {The position is equal.} (13. Bc1 {seems wilder.} f5 14. f3 Nf6 15. Bg5 fxe4 16. fxe4 h6 17. Be3) 13... Bxg4 14. f3 Bd7 15. Nd3 f5 16. a3 h5 17. b4 {[%cal Bb3b4,Bb4c5][%mdl 32]} Nxd3 18. Qxd3 Kh7 19. c5 f4 20. Bf2 bxc5 21. bxc5 g5 22. Nb5 g4 23. Nxc7 g3 ({Black should play} 23... Rac8 $14) 24. Be1 (24. Nxa8 $142 gxf2+ 25. Rxf2 Rxa8 26. c6) 24... Rab8 $16 {[#]} 25. Ra2 ({But not} 25. hxg3 $6 fxg3 26. Bxg3 dxc5 $14) (25. c6 $1 $16 {[%cal Rc6d7]} Bxc6 26. dxc6 Qxc7 27. Rc1) 25... dxc5 $11 26. Bxa5 ({Not} 26. hxg3 $2 fxg3 27. Bxg3 Qd6 $19) 26... Qd6 27. Rd1 (27. Rc2 $11) 27... Rfc8 $17 28. Ne6 $2 {[%mdl 8192]} (28. a4 $15) 28... Bxe6 $19 29. dxe6 $2 (29. Qc4) 29... Qxd3 {Accuracy: White = 25%, Black = 57%.} 0-1